Alle modernen Länder, die jemals von Griechen kontrolliert wurden - Statistiken

Allgemein
  • Dieses Quiz wurde 693 mal gespielt
  • Das Durchschnittsergebnis liegt bei 46 aus 49
Antworten auf der Karte
Die Antworten werden auf der Karte rot bzw. grün angezeigt, abhängig davon wie oft sie richtig erraten wurden.
 
Antwortstatistiken
Land % Korrekt
Italien
100%
Griechenland
99%
Kroatien
99%
Türkei
99%
Ägypten
98%
Albanien
98%
Bosnien und Herzegowina
98%
Bulgarien
98%
Schweiz
98%
Serbien
98%
Spanien
98%
Algerien
97%
Frankreich
97%
Irak
97%
Iran
97%
Kosovo
97%
Marokko
97%
Nordmazedonien
97%
Slowenien
97%
Zypern
97%
Israel
96%
Rumänien
96%
Russland
96%
Syrien
96%
Ukraine
96%
Afghanistan
95%
Indien
95%
Libyen
95%
Montenegro
95%
Pakistan
95%
Saudi-Arabien
95%
Tunesien
95%
Vatikanstadt
95%
Georgien
94%
Portugal
94%
San Marino
94%
Libanon
93%
Monaco
93%
Turkmenistan
93%
Armenien
92%
Jordanien
92%
Usbekistan
92%
Kasachstan
91%
Nepal
91%
Tadschikistan
91%
Kirgisistan
90%
Kuwait
85%
Malta
76%
Aserbaidschan
75%
Keine übereinstimmenden Quizze gefunden
Verteilung der Resultate
Anzahl Personen mit jedem Resultat
Perzentil nach korrekt beantworteten Fragen
Ihre Resultats-Entwicklung
Sie haben dieses Quiz noch nicht gespielt